Arte de escripta

Guardado en:
Detalles Bibliográficos
Autor principal: João de Deus
Formato: Desconocido
Lenguaje:portugués
Publicado: Lisboa Imprensa Nacional 1896
Edición:1a ed.
Catálogo:MANES:  Resultados de Búsqueda del Catálogo
Clasificación de libros de texto:
Etiquetas: Agregar Etiqueta
Sin Etiquetas, Sea el primero en etiquetar este registro!
Añadido a:2016-04-26
Cambiado en:2025-04-25

MARC

LEADER 000000000a22000000004500
001 37093
003 OSt
005 20250425110802.0
008 160427s po ||||| |||| 00| 0 por d
041 |a Portugués 
561 |5 pt-MJD  |a Portugal. Museu João de Deus  |k MANES 
691 |a PRI 
100 1 |a João de Deus  |9 19096 
245 0 0 |a Arte de escripta 
250 |a 1a ed. 
260 3 |a Lisboa  |b Imprensa Nacional  |c 1896 
300 |c 21 cm 
500 |a 9 cadernos  |a Registro Topográfico: 8600 
690 |a EyL 
942 |2 ddc  |c BK 
546 |a Portugal 
999 |c 40552  |d 40552 
999 |c manes:40552  |d 40552